[Event "Tourn. n8044"]
[Site "www.chess-mail.com"]
[Date "2015.07.20"]
[Round "1"]
[White "Colchester"]
[Black "Samael"]
[WhiteElo "1870"]
[BlackElo "2090"]
[Result "0-1"]
[Round "1"]
1.d4 d5
2.Bc1f4 Ng8f6
3.e3 e6
4.Ng1f3 Nb8c6
5.Bf1b5 Bc8d7
6.O-O Bf8e7
7.Nb1d2 O-O
8.Bb5xc6 Bd7xc6
9.Nf3e5 Bc6d7
10.Rf1e1 Nf6e4
11.Nd2xe4 dxe4
12.Bf4g3 c6
13.c4 f6
14.Ne5xd7 Qd8xd7
15.a3 f5
16.Bg3e5 Be7d6
17.Be5xd6 Qd7xd6
18.Qd1c2 Ra8c8
19.Ra1c1 a6
20.c5 Qd6e7
21.g3 g6
22.Rc1d1 Rc8d8
23.b4 Rd8d5
24.Qc2b3 Rf8d8
25.Rd1d2 Kf8
26.Re1d1 Kg7
27.a4 g5
28.b5 axb5
29.axb5 Qe7c7
30.bxc6 bxc6
31.Rd2b2 Kf6
32.Qb3b6 Rd8d7
33.Qb6xc7 Rd7xc7
34.Rd1b1 e5
35.dxe5 Rd5xe5
36.Rb2c2 g4
37.Rb1b6 Ke6
38.Rb6b4 Re5d5
39.Rb4d4 Rd5xd4
40.exd4 Rc7d7
41.Rc2d2 Kd5
42.Kf1 Rd7b7
43.Kg2 { time. }
0-1

[Event "Tourn. n8275"]
[Site "www.chess-mail.com"]
[Date "2015.07.20"]
[Round "1"]
[White "Ruko"]
[Black "Passaroa25"]
[WhiteElo "1680"]
[BlackElo "1550"]
[Result "1-0"]
[Round "1"]
1.e4 c5
2.Ng1f3 d6
3.d4 Qd8a5
4.Nb1c3 Nb8d7
5.Bf1b5 a6
6.Bb5xd7 Bc8xd7
7.O-O c4
8.Bc1d2 e6
9.Nc3d5 exd5
10.Bd2xa5 dxe4
11.Rf1e1 d5
12.Nf3e5 Ke7
13.Ne5xd7 Kxd7
14.Qd1g4 Kd6
15.Qg4f5 f6
16.Ba5b4 Kc6
17.Bb4xf8 Ra8xf8
18.f3 Ng8e7
19.Qf5e6 Kc7
20.Qe6xe7 Kc6
21.Qe7e6 Kc7
22.Qe6xd5 exf3
23.Qd5xf3 b5
24.Re1e7 Kd6
25.Ra1e1 { resign }
1-0

[Event "Tourn. n8275"]
[Site "www.chess-mail.com"]
[Date "2015.07.20"]
[Round "1"]
[White "Goodwill"]
[Black "Ruko"]
[WhiteElo "1499"]
[BlackElo "1680"]
[Result "1-0"]
[Round "1"]
1.d4 Ng8f6
2.c4 e6
3.Ng1f3 b6
4.g3 Bc8b7
5.Bf1g2 Bf8b4
6.Bc1d2 Bb4xd2
7.Qd1xd2 d5
8.Nf3e5 O-O
9.Nb1c3 c6
10.O-O Nb8d7
11.Ne5xd7 Qd8xd7
12.b3 Rf8e8
13.e4 dxe4
14.Nc3xe4 Nf6xe4
15.Bg2xe4 Ra8d8
16.Ra1d1 c5
17.Be4xb7 Qd7xb7
18.d5 exd5
19.cxd5 Rd8d6
20.Rf1e1 Re8xe1
21.Qd2xe1 Kf8
22.Qe1e4 g6
23.Kg2 Qb7d7
24.f3 Kg7
25.g4 h6
26.Kg3 b5
27.h4 a5
28.Rd1d2 Qd7d8
29.Qe4e5 Kg8
30.Qe5e4 Kg7
31.Qe4e5 Kg8
32.Qe5e3 Qd8c7
33.Kh3 Kg7
34.Qe3e8 Qc7b7
35.Qe8e5 Rd6f6
36.g5 hxg5
37.hxg5 { resign }
1-0

[Event "Tourn. n8277"]
[Site "www.chess-mail.com"]
[Date "2015.07.20"]
[Round "1"]
[White "Cathar"]
[Black "Nimzo"]
[WhiteElo "2280"]
[BlackElo "2720"]
[Result "0-1"]
[Round "1"]
1.d4 e6
2.c4 Ng8f6
3.Ng1f3 b6
4.a3 Bc8b7
5.Nb1c3 d5
6.cxd5 Nf6xd5
7.Qd1c2 Nd5xc3
8.bxc3 c5
9.e4 Nb8d7
10.Bc1f4 cxd4
11.cxd4 Ra8c8
12.Qc2b3 h6
13.Bf1d3 g5
14.Bf4g3 Bf8g7
15.Bg3d6 Rc8c6
16.e5 Rc6xd6
17.exd6 O-O
18.Ra1d1 Nd7f6
19.h4 g4
{ resign }
0-1

[Event "Tourn. n8275"]
[Site "www.chess-mail.com"]
[Date "2015.07.20"]
[Round "1"]
[White "Fangshuo1"]
[Black "Passaroa25"]
[WhiteElo "1499"]
[BlackElo "1550"]
[Result "1-0"]
[Round "1"]
1.e4 c6
2.Ng1f3 f6
3.d4 d6
4.Nb1c3 Bc8e6
5.d5 Be6f7
6.Bf1e2 Qd8c7
7.Bc1f4 g5
8.Bf4e3 Nb8d7
9.O-O Bf8g7
10.h4 g4
11.Nf3d4 h5
12.Qd1d2 Ng8h6
13.dxc6 bxc6
14.b4 Nd7b6
15.g3 Nb6c4
16.Be2xc4 Bf7xc4
17.Rf1e1 O-O
18.Be3xh6 Bg7xh6
19.Qd2xh6 e5
20.Nd4f5 Qc7h7
21.Qh6xh7 Kxh7
22.Nf5xd6 Bc4e6
23.a3 a5
24.Nd6f5 Ra8a7
25.b5 Ra7c7
26.bxc6 Rc7xc6
27.Re1e3 Rf8f7
28.Ra1d1 Be6xf5
29.exf5 Rc6c5
30.Nc3e4 Rc5xc2
31.Rd1d6 Rc2c1
32.Kg2 Kg7
33.Rd6a6 a4
34.Ne4d6 Rf7e7
35.Ra6xa4 Rc1c6
36.Nd6e4 Re7c7
37.Ra4b4 Rc6c2
38.a4 Rc2a2
39.Ne4c3 Ra2a3
40.Nc3b5 Rc7c3
41.Re3xc3 Ra3xc3
42.Nb5xc3 Kf7
43.a5 Ke7
44.a6 { resign }
1-0

[Event "Tourn. n8274"]
[Site "www.chess-mail.com"]
[Date "2015.07.20"]
[Round "1"]
[White "Guidom"]
[Black "Sinergia"]
[WhiteElo "2070"]
[BlackElo "1880"]
[Result "1-0"]
[Round "1"]
1.e4 d6
2.d4 Ng8f6
3.Nb1c3 g6
4.Bf1d3 Bf8g7
5.Ng1f3 Bc8g4
6.O-O O-O
7.Bc1g5 c6
8.h3 Bg4xf3
9.Qd1xf3 Qd8b6
10.e5 dxe5
11.dxe5 Nf6d7
12.Bg5xe7 Nd7xe5
13.Qf3g3 Rf8e8
14.Be7a3 Ne5xd3
15.Qg3xd3 Nb8a6
16.Rf1e1 Ra8d8
17.Re1xe8 Rd8xe8
18.Ra1d1 Bg7f6
19.Qd3f3 c5
20.Nc3d5 { resign }
1-0

[Event "Tourn. n8274"]
[Site "www.chess-mail.com"]
[Date "2015.07.20"]
[Round "1"]
[White "Guidom"]
[Black "Goga"]
[WhiteElo "2070"]
[BlackElo "2010"]
[Result "1-0"]
[Round "1"]
1.e4 e6
2.d4 d5
3.exd5 exd5
4.Bc1f4 Nb8c6
5.c3 Ng8f6
6.Ng1f3 Nf6h5
7.Bf4e3 Bf8d6
8.Bf1e2 Nh5f4
9.O-O O-O
10.Be3xf4 Bd6xf4
11.g3 Bf4d6
12.Nb1d2 h6
13.Rf1e1 Bc8e6
14.Be2d3 Qd8d7
15.Bd3c2 Rf8e8
16.Nd2b3 b6
17.Qd1d3 g6
18.Nf3h4 Nc6d8
19.Re1e3 Bd6e7
20.Nh4xg6 f5
21.Ra1e1 Be7g5
22.f4 Qd7g7
23.fxg5 Qg7xg6
24.gxh6 Qg6xh6
25.Qd3f1 Nd8f7
26.Bc2xf5 Nf7g5
27.Bf5xe6 Ng5xe6
28.Qf1f5 Ne6g7
29.Qf5xd5 { resign }
1-0

[Event "Tourn. n8127"]
[Site "www.chess-mail.com"]
[Date "2015.07.20"]
[Round "1"]
[White "Seger"]
[Black "Woodpusher2"]
[WhiteElo "2680"]
[BlackElo "2590"]
[Result "1/2-1/2"]
[Round "1"]
1.e4 e6
2.d4 d5
3.e5 c5
4.c3 Nb8c6
5.Ng1f3 Qd8b6
6.Bf1e2 cxd4
7.cxd4 Ng8h6
8.Nb1c3 Nh6f5
9.Nc3a4 Qb6a5
10.Na4c3 Bf8b4
11.O-O Bb4xc3
12.bxc3 Qa5xc3
13.Bc1d2 Qc3a3
14.Bd2c1 Qa3a5
15.a4 Qa5d8
16.Ra1b1 O-O
17.Qd1d3 b6
18.g4 Nf5e7
19.Nf3g5 Ne7g6
20.Qd3h3 h6
21.Ng5f3 f6
22.Qh3h5 Ng6h8
23.Be2d3 Bc8d7
24.g5 Qd8e8
25.Qh5xe8 Bd7xe8
26.gxf6 Be8h5
27.Bd3b5 Rf8c8
28.Rb1b3 a6
29.Bb5xc6 Rc8xc6
30.fxg7 Kxg7
31.Nf3h4 Nh8g6
32.Rb3h3 Bh5e2
33.Rf1e1 Ng6xh4
34.Rh3xh4 Ra8g8
35.h3 Be2d3
36.Bc1xh6 Kf7
37.Kh2 Rc6c4
38.Re1a1 a5
39.Rh4f4 Bd3f5
40.h4 Rc4c3
41.Bh6g5 Kg6
42.f3 Rg8c8
43.Kg3 Rc3c4
44.Ra1a2 { draw }
1/2-1/2

[Event "Tourn. n8294"]
[Site "www.chess-mail.com"]
[Date "2015.07.20"]
[Round "1"]
[White "Gatrooper"]
[Black "Culiflori"]
[WhiteElo "1200"]
[BlackElo "999"]
[Result "1/2-1/2"]
[Round "1"]
1.e4 e5
2.a3 Ng8f6
3.Nb1c3 Bf8c5
4.d3 Nb8c6
5.Bc1e3 Bc5xe3
6.fxe3 d6
7.h3 Bc8e6
8.Ng1f3 O-O
9.d4 exd4
10.Nf3xd4 Rf8e8
11.Bf1b5 a6
12.Bb5xc6 bxc6
13.Nd4xc6 Qd8d7
14.Nc6d4 Be6c4
15.Nd4f5 g6
16.Nf5h6 Kg7
17.Nh6g4 Nf6xe4
18.Qd1d4 f6
19.Qd4xc4 Ne4xc3
20.Qc4xc3 Qd7e6
21.O-O-O c5
22.Rh1f1 Re8f8
23.Ng4xf6 Rf8xf6
24.Rf1xf6 Qe6xf6
25.Qc3xf6 Kxf6
26.Rd1xd6 Ke7
27.Rd6d5 Ra8c8
28.c4 Ke6
29.e4 a5
30.a4 Rc8c6
31.b3 h6
32.e5 g5
33.g4 Rc6c7
34.Kc2 Rc7c6
35.Kd3 Rc6c7
36.Ke4 Rc7b7
37.Rd5xc5 Rb7xb3
38.Rc5xa5 Rb3b4
39.Kd4 Rb4b3
40.c5 Rb3b2
41.Ra5a6 Kf7
42.e6 Ke7
43.Kd5 Rb2d2
44.Ke5 Rd2e2
45.Kd4 Re2d2
46.Kc4 Rd2c2
47.Kd4 Rc2d2
48.Kc4 Rd2c2
49.Kd5 Rc2d2
{ draw }
1/2-1/2

[Event "Tourn. n8163"]
[Site "www.chess-mail.com"]
[Date "2015.07.20"]
[Round "1"]
[White "Cardiff"]
[Black "Hundegana"]
[WhiteElo "2030"]
[BlackElo "2010"]
[Result "0-1"]
[Round "1"]
1.d4 g6
2.g3 Bf8g7
3.Bf1g2 Nb8c6
4.Ng1f3 d6
5.O-O Bc8g4
6.c3 Bg4xf3
7.Bg2xf3 Qd8d7
8.Nb1d2 e6
9.e4 O-O-O
10.Qd1a4 a6
11.b4 Nc6a7
12.Qa4xd7 Rd8xd7
13.Bc1b2 Kb8
14.a4 Ng8e7
15.Bf3e2 h5
16.Nd2b3 f5
17.Be2f3 c6
18.Ra1d1 Rh8f8
19.exf5 Ne7xf5
20.Bf3g2 Nf5h6
21.Rf1e1 Rd7e7
22.Bg2h3 e5
23.dxe5 dxe5
24.Nb3c5 g5
25.Nc5d7 Re7xd7
26.Rd1xd7 Bg7f6
27.Bh3e6 Rf8e8
28.Be6b3 h4
29.Re1d1 { time. }
0-1

[Event "Tourn. n8154"]
[Site "www.chess-mail.com"]
[Date "2015.07.20"]
[Round "1"]
[White "Tomasseeber"]
[Black "Hrob71"]
[WhiteElo "2190"]
[BlackElo "2050"]
[Result "0-1"]
[Round "1"]
1.Ng1f3 Ng8f6
2.h3 Nb8c6
3.d4 d5
4.Bc1f4 e6
5.e3 Bf8d6
6.Bf4xd6 cxd6
7.c4 dxc4
8.Bf1xc4 d5
9.Bc4e2 O-O
10.O-O Qd8d6
11.Nb1c3 a6
12.a3 e5
13.b4 e4
14.Nf3d2 Bc8e6
15.Qd1b3 Rf8c8
16.Rf1c1 Nc6e7
17.Rc1c2 Rc8c7
18.b5 Ra8c8
19.a4 g6
20.Ra1c1 h5
21.b6 Rc7c6
22.a5 Qd6d7
23.Be2f1 Qd7d6
24.Nd2b1 g5
25.Nb1a3 g4
26.h4 g3
27.Na3b5 axb5
28.Bf1xb5 Nf6g4
29.Nc3d1 gxf2
30.Nd1xf2 Qd6h2
31.Kf1 Rc6xc2
{ resign }
0-1

[Event "Tourn. n8266"]
[Site "www.chess-mail.com"]
[Date "2015.07.20"]
[Round "1"]
[White "Culiflori"]
[Black "Gatrooper"]
[WhiteElo "999"]
[BlackElo "1200"]
[Result "1-0"]
[Round "1"]
1.e4 e5
2.Ng1f3 Nb8c6
3.Nb1c3 Ng8f6
4.Bf1c4 d6
5.Nf3g5 Bc8e6
6.Ng5xe6 fxe6
7.Bc4xe6 Nc6d4
8.Be6b3 a6
9.d3 h6
10.O-O Qd8d7
11.Bc1e3 Nd4c6
12.Qd1f3 O-O-O
13.Nc3d5 Nf6xd5
14.Bb3xd5 Bf8e7
15.a4 Nc6b4
16.Bd5b3 Rh8f8
17.Qf3g3 Kb8
18.Qg3xg7 Rf8g8
19.Bb3xg8 Nb4xc2
20.Ra1c1 Nc2b4
21.Be3xh6 Qd7xa4
22.Qg7xe7 Rd8c8
23.Bg8e6 Rc8h8
24.Rc1xc7 Qa4b5
25.Bh6e3 Nb4c6
26.Qe7xd6 Ka8
27.Be6d5 Rh8d8
28.Qd6c5 Qb5xc5
29.Be3xc5 Nc6a5
30.Bc5b6 Na5c6
31.Bd5xc6 bxc6
32.Rc7a7 Kb8
33.Bb6xd8 Kxa7
34.Bd8f6 a5
35.h4 c5
36.h5 a4
37.h6 Ka6
38.h7 Kb5
39.h8Q Kb4
40.Qh8b8 Ka5
41.Bf6d8 Ka6
42.Qb8b6 { resign }
1-0

[Event "Tourn. n8266"]
[Site "www.chess-mail.com"]
[Date "2015.07.20"]
[Round "1"]
[White "Gatrooper"]
[Black "Goodwill"]
[WhiteElo "1200"]
[BlackElo "1499"]
[Result "0-1"]
[Round "1"]
1.e4 c5
2.d3 Nb8c6
3.Ng1f3 g6
4.Nb1c3 Bf8g7
5.Nc3d5 Ng8f6
6.Bc1f4 d6
7.h3 e6
8.Nd5xf6 Bg7xf6
9.a3 Bf6xb2
10.Ra1b1 Bb2c3
11.Bf4d2 Qd8a5
12.Bf1e2 Bc3xd2
13.Nf3xd2 Nc6d4
14.O-O Qa5c7
15.Nd2f3 Bc8d7
16.Nf3xd4 cxd4
17.Be2f3 e5
18.Qd1d2 Bd7c6
19.Qd2h6 O-O-O
20.Qh6d2 f5
21.exf5 Bc6xf3
22.gxf3 gxf5
23.c4 f4
24.Rb1b3 Rh8g8
25.Kh1 Qc7g7
26.Rf1g1 Qg7xg1
{ resign }
0-1

[Event "Tourn. n8266"]
[Site "www.chess-mail.com"]
[Date "2015.07.20"]
[Round "1"]
[White "Gatrooper"]
[Black "A27l"]
[WhiteElo "1200"]
[BlackElo "1130"]
[Result "1-0"]
[Round "1"]
1.e4 e5
2.a3 d6
3.h3 Ng8f6
4.Nb1c3 c6
5.Ng1f3 g6
6.d3 Bf8g7
7.Bc1g5 O-O
8.d4 Nb8d7
9.Bg5xf6 Bg7xf6
10.dxe5 dxe5
11.Bf1c4 Nd7b6
12.Bc4a2 Qd8xd1
13.Ra1xd1 Bc8e6
14.Ba2xe6 fxe6
15.g4 h6
16.h4 Bf6g7
17.g5 h5
18.Nf3h2 Ra8d8
19.Rd1c1 Rd8d7
20.O-O Rd7f7
21.f3 Nb6a8
22.Rf1f2 Na8b6
{ time. }
1-0

[Event "Tourn. n8261"]
[Site "www.chess-mail.com"]
[Date "2015.07.20"]
[Round "1"]
[White "Goodwill"]
[Black "Azulmarino"]
[WhiteElo "1499"]
[BlackElo "1570"]
[Result "1-0"]
[Round "1"]
1.d4 d5
2.c4 e6
3.Ng1f3 f5
4.e3 c6
5.Nb1c3 g6
6.Qd1c2 h6
7.Nf3e5 Ng8f6
8.Ne5xg6 Rh8g8
9.Ng6xf8 Rg8xf8
10.Bf1e2 a6
11.b3 Qd8a5
12.Bc1d2 Qa5a3
13.O-O Qa3d6
14.Be2f3 Nf6g4
15.Bf3xg4 fxg4
16.Qc2g6 Ke7
17.Qg6xh6 Kd8
18.e4 dxe4
19.Nc3xe4 Qd6xd4
20.Qh6xf8 { resign }
1-0

[Event "Tourn. n8162"]
[Site "www.chess-mail.com"]
[Date "2015.07.20"]
[Round "1"]
[White "Falcoale"]
[Black "Anja"]
[WhiteElo "1890"]
[BlackElo "1670"]
[Result "1-0"]
[Round "1"]
1.e4 Ng8f6
2.e5 Nf6d5
3.d4 d6
4.c4 Nd5b6
5.Ng1f3 Bc8g4
6.h3 Bg4h5
7.Nb1d2 Nb8c6
8.Bf1e2 e6
9.exd6 cxd6
10.O-O Bf8e7
11.b3 O-O
12.Bc1b2 Be7f6
13.Nd2e4 Bf6e7
14.Ne4g3 Bh5xf3
15.Be2xf3 d5
16.c5 Nb6d7
17.a3 Be7f6
18.Bf3e2 Nd7xc5
19.Ra1b1 Nc5d7
20.b4 Qd8b6
21.b5 Nc6xd4
22.a4 Nd4xe2
23.Qd1xe2 Ra8c8
24.Ng3h5 d4
25.Nh5xf6  { time }
1-0

[Event "Tourn. n8113"]
[Site "www.chess-mail.com"]
[Date "2015.07.20"]
[Round "1"]
[White "Tartan"]
[Black "Greghghs"]
[WhiteElo "2370"]
[BlackElo "2390"]
[Result "0-1"]
[Round "1"]
1.e4 c5
2.Ng1f3 d6
3.d4 cxd4
4.Nf3xd4 Ng8f6
5.Nb1c3 Nb8c6
6.Bc1g5 Bc8d7
7.Qd1d2 Ra8c8
8.O-O-O Nc6xd4
9.Qd2xd4 Qd8a5
10.Bg5d2 a6
11.f3 g6
12.a3 Qa5c7
13.Bf1d3 Bd7e6
14.Nc3d5 Be6xd5
15.exd5 Bf8g7
16.Rh1e1 O-O
17.Kb1 b5
18.Bd3e4 a5
19.c3 Nf6g4
20.Qd4g1 Ng4e5
21.Qg1f2 Ne5c4
22.Bd2c1 b4
23.cxb4 axb4
24.axb4 Rc8b8
25.Be4d3 Rb8xb4
26.Bd3xc4 Rb4xc4
27.Re1e4 Rf8c8
28.Re4xc4 Qc7xc4
29.g3 Rc8a8
30.Qf2e3 Qc4a2
31.Kc2 Ra8a5
32.Rd1d2 Ra5c5
33.Kd1 Qa2b1
{ resign }
0-1

[Event "Tourn. n8143"]
[Site "www.chess-mail.com"]
[Date "2015.07.20"]
[Round "1"]
[White "Derfel83"]
[Black "Libiesse"]
[WhiteElo "1840"]
[BlackElo "1980"]
[Result "1-0"]
[Round "1"]
1.e4 c5
2.Nb1c3 e6
3.Ng1f3 Nb8c6
4.d4 cxd4
5.Nf3xd4 Qd8c7
6.Bc1e3 Ng8f6
7.Nd4b5 Qc7b8
8.g3 a6
9.Be3f4 e5
10.Bf4e3 axb5
11.Nc3xb5 Ra8a5
12.f4 d6
13.Bf1d3 Bf8e7
14.a4 Bc8g4
15.Bd3e2 Bg4xe2
16.Qd1xe2 O-O
17.O-O Nf6xe4
18.Be3b6 Ra5xb5
19.axb5 d5
20.bxc6 bxc6
21.Ra1a6 Qb8b7
22.Rf1a1 Be7c5
23.Bb6xc5 Ne4xc5
24.Ra6a7 Qb7xb2
25.Qe2xe5 Qb2b6
26.Qe5e3 Nc5d7
27.Qe3xb6 Nd7xb6
28.Ra7a6 Nb6c4
29.Ra6xc6 g6
30.Ra1d1 Nc4e3
31.Rd1d2 Rf8d8
32.Kf2 Ne3g4
33.Kf3 Ng4h6
34.c4 d4
35.Rc6b6 Nh6f5
36.c5 Nf5e3
37.Rb6d6 Rd8e8
38.Rd6xd4 Ne3f5
39.Rd4d8 Kf8
40.Rd8xe8 Kxe8
41.c6 { resign }
1-0

[Event "Tourn. n8256"]
[Site "www.chess-mail.com"]
[Date "2015.07.20"]
[Round "1"]
[White "Xkafi"]
[Black "Falcoale"]
[WhiteElo "1960"]
[BlackElo "1850"]
[Result "1-0"]
[Round "1"]
1.e4 c5
2.Bf1c4 e6
3.d4 cxd4
4.Qd1xd4 Nb8c6
5.Qd4d1 b6
6.a3 Bc8b7
7.Nb1c3 Ng8f6
8.Bc1g5 h6
9.Bg5h4 Bf8e7
10.Bh4g3 O-O
11.Ng1e2 Nc6a5
12.Bc4d3 d5
13.e5 Nf6d7
14.Ne2d4 a6
15.Qd1g4 Na5c6
16.Nc3e2 Nd7c5
17.Ne2f4 Nc6xd4
18.Nf4h5 Nc5xd3
19.cxd3 Nd4c2
20.Kd1 Be7g5
21.h4 Nc2xa1
22.hxg5 Qd8xg5
23.Qg4f3 Na1b3
24.Bg3f4 Qg5e7
25.Qf3g4 g6
26.Bf4xh6 Ra8c8
27.Nh5f6 Kh8
28.Bh6xf8 { resign }
1-0

[Event "Tourn. n8226"]
[Site "www.chess-mail.com"]
[Date "2015.07.20"]
[Round "1"]
[White "Nimzo"]
[Black "Calulalb"]
[WhiteElo "2720"]
[BlackElo "2770"]
[Result "1-0"]
[Round "1"]
1.d4 Ng8f6
2.c4 g6
3.Ng1f3 Bf8g7
4.g3 O-O
5.Bf1g2 c6
6.Nb1c3 d5
7.cxd5 cxd5
8.Nf3e5 Bc8f5
9.O-O Nb8c6
10.Bc1f4 Ra8c8
11.Ra1c1 Qd8b6
12.Ne5xc6 Rc8xc6
13.Qd1d2 Nf6e4
14.Bg2xe4 dxe4
15.Nc3d5  { time }
1-0

[Event "Tourn. n8297"]
[Site "www.chess-mail.com"]
[Date "2015.07.20"]
[Round "1"]
[White "Mitja"]
[Black "Bojan"]
[WhiteElo "1660"]
[BlackElo "1890"]
[Result "1-0"]
[Round "1"]
1.d4 d5
2.e3 a6
3.h3 Nb8c6
4.Ng1f3 h6
5.Nb1d2 Bc8f5
6.Nd2b3 Ng8f6
7.c3 b6
8.Bf1d3 Nf6e4
9.Qd1e2 Qd8d6
10.Bd3xa6 g5
11.Qe2b5 Bf5d7
12.Ba6b7 Nc6xd4
13.Qb5xd5 Nd4c2
14.Ke2 Qd6xd5
15.Bb7xd5 Ra8a4
16.Ra1b1 Ne4f6
17.Rh1d1 c6
18.Bd5xf7 Kd8
19.Bf7e6 Ra4xa2
20.Rd1d2 Ra2a4
21.Be6xd7 Nf6xd7
22.Rd2xc2 Bf8g7
23.Rb1a1 Ra4xa1
24.Nb3xa1 Kc7
25.Na1b3 Bg7f6
26.Nb3d4 Nd7c5
27.Rc2d2 h5
28.Rd2d1 e5
29.Nd4f5 e4
30.Nf3e1 Nc5b3
31.f3 exf3
32.gxf3 Rh8a8
33.e4 Ra8a4
34.Kd3 Ra4a1
35.Kc2 Nb3c5
36.Bc1f4 { resign }
1-0

[Event "Tourn. n8271"]
[Site "www.chess-mail.com"]
[Date "2015.07.20"]
[Round "1"]
[White "T9l9"]
[Black "Szustan"]
[WhiteElo "2410"]
[BlackElo "2620"]
[Result "0-1"]
[Round "1"]
1.d4 d5
2.c4 dxc4
3.Ng1f3 Ng8f6
4.e3 e6
5.Bf1xc4 c5
6.O-O a6
7.a4 Nb8c6
8.Nb1c3 Bf8e7
9.Qd1e2 O-O
10.Rf1d1 Qd8c7
11.e4 Nf6g4
12.g3 cxd4
13.Nf3xd4 Nc6xd4
14.Rd1xd4 Be7c5
{ resign }
0-1

[Event "Tourn. n8204"]
[Site "www.chess-mail.com"]
[Date "2015.07.20"]
[Round "1"]
[White "Hdr"]
[Black "Anja"]
[WhiteElo "1779"]
[BlackElo "1700"]
[Result "0-1"]
[Round "1"]
1.e4 Ng8f6
2.e5 Nf6d5
3.d4 d6
4.Ng1f3 Bc8g4
5.Bf1e2 g6
6.h3 Bg4xf3
7.Be2xf3 c6
8.exd6 Qd8xd6
9.O-O Bf8g7
10.c4 Nd5f4
11.Qd1b3 O-O
12.Qb3xb7 Nb8d7
13.Bc1xf4 Qd6xd4
14.Bf4c1 Nd7e5
15.Nb1d2 Ne5xf3
16.Nd2xf3 Qd4xc4
{ resign }
0-1

[Event "Tourn. n8297"]
[Site "www.chess-mail.com"]
[Date "2015.07.20"]
[Round "1"]
[White "Mitja"]
[Black "Pinehill"]
[WhiteElo "1660"]
[BlackElo "1820"]
[Result "1/2-1/2"]
[Round "1"]
1.d4 Ng8f6
2.e3 e6
3.Ng1f3 d5
4.c3 Bf8d6
5.Nb1d2 O-O
6.Nd2b3 Nb8d7
7.Bf1d3 c6
8.Bd3c2 Rf8e8
9.h3 e5
10.dxe5 Nd7xe5
11.Nf3xe5 Bd6xe5
12.Qd1d3 g6
13.Bc1d2 Nf6e4
14.Qd3e2 Bc8f5
15.O-O-O a5
16.Nb3d4 Be5xd4
17.cxd4 b5
18.Qe2e1 Ne4d6
19.Bc2xf5 Nd6xf5
20.Qe1f1 Qd8d6
21.Qf1d3 b4
22.g4 Nf5g7
23.f4 f5
24.g5 Ng7h5
25.Rh1g1 c5
26.dxc5 Ra8c8
27.Kb1 Rc8xc5
28.Rd1c1 Re8c8
29.Rc1xc5 Rc8xc5
30.Rg1c1 Qd6c6
31.Rc1xc5 Qc6xc5
32.b3 Nh5g3
33.Kb2 Ng3e4
34.Bd2e1 Kg7
35.h4 Qc5c6
36.Qd3d4 Kg8
37.Qd4d3 Ne4d6
38.Qd3d4 Nd6b5
39.Qd4d3 Nb5c7
40.Qd3d4 { draw }
1/2-1/2

[Event "Tourn. n8142"]
[Site "www.chess-mail.com"]
[Date "2015.07.20"]
[Round "1"]
[White "Falcoale"]
[Black "Difficult"]
[WhiteElo "2000"]
[BlackElo "2090"]
[Result "1-0"]
[Round "1"]
1.e4 c5
2.Ng1f3 d6
3.d4 cxd4
4.Nf3xd4 Ng8f6
5.Nb1c3 g6
6.Bc1g5 Bf8g7
7.Bf1c4 O-O
8.O-O a6
9.Qd1d2 Nb8c6
10.Nd4xc6 bxc6
11.Ra1d1 Qd8c7
12.f3 Bc8b7
13.Bg5h6 Qc7b6
14.Kh1 Ra8c8
15.Bh6xg7 Kxg7
16.b3 Kg8
17.Qd2g5 Rf8d8
18.Rf1e1 Kg7
19.Nc3e2 h6
20.Qg5c1 d5
21.exd5 cxd5
22.Bc4d3 e6
23.Qc1b2 a5
24.Ne2g3  { time }
1-0

[Event "Tourn. n8281"]
[Site "www.chess-mail.com"]
[Date "2015.07.20"]
[Round "1"]
[White "Culiflori"]
[Black "Fred59"]
[WhiteElo "999"]
[BlackElo "999"]
[Result "1-0"]
[Round "1"]
1.e4 Ng8f6
2.e5 Nf6d5
3.d4 d6
4.Ng1f3 Bc8g4
5.Bf1e2 dxe5
6.Nf3xe5 Bg4xe2
7.Qd1xe2 e6
8.Qe2f3 Qd8e7
9.c4 Nd5b4
10.Nb1a3  { time }
1-0

[Event "Tourn. n8021"]
[Site "www.chess-mail.com"]
[Date "2015.07.20"]
[Round "1"]
[White "Samael"]
[Black "Blackpool"]
[WhiteElo "2090"]
[BlackElo "1870"]
[Result "1-0"]
[Round "1"]
1.e4 c6
2.Ng1f3 g6
3.Nb1c3 Bf8g7
4.d3 d6
5.Bf1e2 e5
6.O-O Ng8e7
7.Bc1e3 O-O
8.Qd1d2 Qd8c7
9.Be3h6 Bc8g4
10.Bh6xg7 Kxg7
11.h3 Bg4xf3
12.Be2xf3 Nb8d7
13.b3 h6
14.Kh1 f5
15.Bf3e2 f4
16.f3 Nd7f6
17.Rf1d1 Nf6h5
18.Kh2 Nh5g3
19.Be2f1 Ra8d8
20.Nc3e2 Ng3xe2
21.Bf1xe2 g5
22.Qd2e1 d5
23.Qe1f2 d4
24.Rd1g1 c5
25.g3 Kh7
26.g4 b5
27.a4 a6
28.axb5 axb5
29.Ra1a2 Rd8a8
30.Rg1a1 Qc7b7
31.Qf2e1 b4
32.Qe1b1 Ne7c6
33.Kg2 Kg7
34.Ra2a4 Ra8xa4
35.Ra1xa4 Rf8a8
36.Qb1a2 Ra8xa4
37.Qa2xa4 Nc6e7
38.Qa4a5 Qb7c6
39.Qa5a7 Kf7
40.h4 gxh4
41.Kh3 Ke8
42.Qa7b8 Kf7
43.Qb8xe5 Ne7g6
44.Qe5f5 Kg7
45.g5 hxg5
46.Qf5xg5 Qc6e6
47.Qg5g4  { time }
1-0

[Event "Tourn. n8245"]
[Site "www.chess-mail.com"]
[Date "2015.07.20"]
[Round "1"]
[White "Bira47"]
[Black "Redabond"]
[WhiteElo "1739"]
[BlackElo "1639"]
[Result "1-0"]
[Round "1"]
1.c4 Nb8c6
2.g3 e5
3.Bf1g2 Bf8c5
4.e3 Ng8f6
5.a3 O-O
6.Ng1e2 d6
7.b4 Bc5b6
8.Bc1b2 Rf8e8
9.O-O a5
10.b5 Nc6e7
11.d4 e4
12.Ne2f4 Bc8g4
13.f3 exf3
14.Bg2xf3 Bg4f5
15.Bf3xb7 Ra8b8
16.Bb7g2 g5
17.Nf4h5 Nf6g4
18.Qd1e2 Ne7g6
19.e4 Bf5d7
20.Nb1d2 f5
21.h3 Ng4e5
22.Kh1 Ne5f7
23.Qe2f2 Nf7h6
24.c5 dxc5
25.dxc5 Bb6a7
26.a4 fxe4
27.Nh5f6 Kg7
28.Nf6g4 Ng6e5
29.Bb2xe5 Kg6
30.Bg2xe4 Kh5
31.Ng4f6 { resign }
1-0

[Event "Tourn. n8140"]
[Site "www.chess-mail.com"]
[Date "2015.07.20"]
[Round "1"]
[White "Malbertan"]
[Black "Falcoale"]
[WhiteElo "1960"]
[BlackElo "2000"]
[Result "1-0"]
[Round "1"]
1.e4 c5
2.Ng1f3 Nb8c6
3.d4 cxd4
4.Nf3xd4 e6
5.Nb1c3 a6
6.Bc1e3 Bf8e7
7.Bf1e2 Be7b4
8.Qd1d3 Nc6e5
9.Qd3d2 Ng8f6
10.f3 O-O
11.Be3g5 h6
12.Bg5h4 Bb4e7
13.O-O-O Rf8e8
14.f4 Ne5c6
15.g4 Qd8a5
16.Nd4b3 Qa5c7
17.g5 hxg5
18.fxg5 Nf6h7
19.Bh4g3 Qc7d8
20.h4 b5
21.Be2d3 Bc8b7
22.Qd2f2 Nc6b4
23.Rh1f1 Re8f8
24.Nb3c5 Nb4xd3
25.Rd1xd3 b4
26.Nc5xb7 Qd8c8
27.Nb7d6 Be7xd6
28.Bg3xd6 bxc3
29.Rd3xc3 Qc8b7
30.Bd6xf8 Ra8xf8
31.Qf2f4 Qb7a8
32.Rf1d1 Rf8d8
33.Rc3f3 Rd8f8
34.Rd1xd7 f6
35.g6 e5
36.gxh7 Kxh7
37.Qf4f5 Kh6
38.Rf3g3 Qa8e8
39.Rg3xg7 { resign }
1-0

[Event "Tourn. n8130"]
[Site "www.chess-mail.com"]
[Date "2015.07.20"]
[Round "1"]
[White "Falcoale"]
[Black "Syd"]
[WhiteElo "2010"]
[BlackElo "2180"]
[Result "1-0"]
[Round "1"]
1.e4 c5
2.Ng1f3 e6
3.Nb1c3 Nb8c6
4.Bf1c4 d6
5.O-O Ng8f6
6.d3 Bf8e7
7.Bc4b5 Bc8d7
8.d4 cxd4
9.Nf3xd4 O-O
10.Nd4xc6 Bd7xc6
11.Bb5d3 e5
12.f4 Qd8b6
13.Kh1 Qb6d4
14.Bd3e2 Qd4xd1
15.Rf1xd1 Nf6xe4
16.Nc3xe4 Bc6xe4
17.Be2c4 Ra8c8
18.Bc4d3 Be4xd3
19.cxd3 Rc8c2
20.Ra1b1 f5
21.Bc1e3 g5
22.fxe5 dxe5
23.a3 b6
24.Rd1c1 Rf8c8
25.b4 f4
26.Rc1xc2  { time }
1-0

[Event "Tourn. n8136"]
[Site "www.chess-mail.com"]
[Date "2015.07.20"]
[Round "1"]
[White "Sonivano"]
[Black "Tomasseeber"]
[WhiteElo "2350"]
[BlackElo "2240"]
[Result "1/2-1/2"]
[Round "1"]
1.e4 d5
2.exd5 Ng8f6
3.d4 Nf6xd5
4.c4 Nd5f6
5.Nb1c3 c6
6.Ng1f3 Bc8g4
7.Bf1e2 e6
8.O-O Bf8e7
9.Bc1e3 O-O
10.Nf3e5 Bg4xe2
11.Qd1xe2 Nb8d7
12.Ra1d1 Ra8c8
13.f4 Rf8e8
14.f5 exf5
15.Rf1xf5 g6
16.Rf5f3 Qd8c7
17.Be3f4 Be7d6
18.Ne5xd7 Nf6xd7
19.Qe2f2 f5
20.d5 Nd7e5
21.Bf4xe5 Bd6xe5
22.Rf3h3 Rc8d8
23.Qf2h4 Rd8d7
24.Kh1 Re8d8
25.Rh3d3 Be5xc3
26.Rd3xc3 cxd5
27.cxd5 Rd7xd5
28.Rd1xd5 Rd8xd5
29.Qh4a4 Qc7d6
30.Qa4b3 Kg7
31.Qb3xb7 Kf6
32.g3 Rd5d1
33.Kg2 Qd6d2
34.Kh3 Qd2h6
35.Kg2 Rd1d2
36.Kf1 Rd2d1
{ draw }
1/2-1/2

[Event "Tourn. n8186"]
[Site "www.chess-mail.com"]
[Date "2015.07.20"]
[Round "1"]
[White "Bojan"]
[Black "Genius7"]
[WhiteElo "1980"]
[BlackElo "1800"]
[Result "1-0"]
[Round "1"]
1.e4 d5
2.exd5 Ng8f6
3.c4 e6
4.dxe6 Bc8xe6
5.d4 c6
6.h3 Bf8b4
7.Nb1c3 O-O
8.Bc1g5 Bb4xc3
9.bxc3 Qd8a5
10.Qd1d2 Nf6e4
11.Qd2c1 Ne4xg5
12.Ng1e2 Be6xc4
13.Ne2g3 Rf8e8
14.Bf1e2 Bc4xe2
15.Ng3xe2 Qa5b5
16.Qc1c2 Nb8a6
17.Ra1b1 Re8xe2
18.Kd1 Re2xc2
19.Rb1xb5 cxb5
20.Kxc2 Ra8e8
21.Kd2 f5
22.Rh1b1 Ng5e4
23.Kc2 { time. }
1-0

[Event "Tourn. n8128"]
[Site "www.chess-mail.com"]
[Date "2015.07.20"]
[Round "1"]
[White "Powerchess"]
[Black "Hansen"]
[WhiteElo "1400"]
[BlackElo "1450"]
[Result "0-1"]
[Round "1"]
1.e4 d5
2.exd5 Qd8xd5
3.Nb1c3 Qd5e5
4.Qd1e2 Qe5d4
5.Ng1f3 Bc8g4
6.Nf3xd4 Bg4xe2
7.Bf1xe2 Nb8d7
8.Be2f3 c6
9.d3 Ra8d8
10.Nd4b3 Ng8f6
11.O-O h6
12.Rf1e1 b5
13.a3 g5
14.h3 Rd8c8
15.Bc1e3 h5
16.Nc3e4 Bf8g7
17.Ne4xf6 Bg7xf6
18.d4 h4
19.Ra1d1 Nd7b6
20.Nb3c5 Nb6c4
21.Be3c1 Rh8g8
22.b3 Nc4d6
23.Bf3g4 Rc8c7
24.Bc1b2 b4
25.axb4 Kf8
26.Nc5d7 Kg7
27.Nd7xf6 exf6
28.Bg4f3 Nd6f5
29.c4 Kh7
30.Bf3e4 Kg6
31.Be4xf5 Kh6
32.d5 cxd5
33.Bb2xf6 dxc4
34.bxc4 Rc7xc4
35.Rd1d7 Rc4xb4
{ resign }
0-1